| 000 | 01995cam a2200301 4500500 | ||
|---|---|---|---|
| 005 | 20251228062004.0 | ||
| 041 | _afre | ||
| 042 | _adc | ||
| 100 | 1 | 0 |
_aEuzéby, Florence _eauthor |
| 700 | 1 | 0 |
_aMartinez, Carole _eauthor |
| 245 | 0 | 0 | _aSpectacle vivant et Internet |
| 260 | _c2012. | ||
| 500 | _a31 | ||
| 520 | _aDans le contexte difficile du spectacle vivant, les auteurs s’interrogent sur l’opportunité que représente internet pour aider les salles de spectacle à accroître la fréquentation des publics. L’analyse de 12 entretiens individuels réalisés auprès de managers de salles de spectacle ainsi que l’observation de 113 sites internet mettent en évidence la nécessité d’investir cet outil. Aujourd’hui sous-utilisé par ces salles, les managers interrogés s’accordent à reconnaître le poids croissant de cet outil pour communiquer avec leurs publics. L’article ouvre la voie à un certain nombre de recommandations pour mieux utiliser celui-ci. | ||
| 520 | _aInternet as an opportunity to help performing arts’ theaters to construct their publics is questioned here. The analysis of 12 individual interviews, realized with theaters’ managers, and the observation of 113 theaters’ websites highlight the requirement to develop this tool. Websites appeared under-used by theaters whereas the increased importance of websites to communicate with their publics is recognized by managers. Few recommendations to better use this tool are also mentioned. | ||
| 690 | _aaptitude et occasion | ||
| 690 | _afréquentation | ||
| 690 | _ainternet | ||
| 690 | _amotivation | ||
| 690 | _aspectacle vivant | ||
| 690 | _aability and occasion | ||
| 690 | _ainternet | ||
| 690 | _amotivation | ||
| 690 | _aparticipation | ||
| 690 | _aperforming arts | ||
| 786 | 0 | _nDécisions Marketing | 66 | 2 | 2012-04-01 | p. 59-71 | 0779-7389 | |
| 856 | 4 | 1 | _uhttps://shs.cairn.info/revue-decisions-marketing-2012-2-page-59?lang=fr&redirect-ssocas=7080 |
| 999 |
_c1588102 _d1588102 |
||